000 00870cam a22002891 4500
001 1045
003 BD-RjUL
005 20211208233252.0
008 131124s1952 mau 001 0 eng d
035 _a(BD-RjUL)1067
035 _a(OCoLC)332729
040 _aDLC
_cODaWU
_dOCoLC
_dUk
_dBD-RjUL
_beng
041 _aeng
082 _a071
_216
_bMON
100 1 _aMott, Frank Luther,
_d1886-1964.
_93079
245 1 4 _aThe news in America /
_cFrank Luther Mott.
260 _aCambridge:
_bHarvard University Press,
_c1952.
300 _a236 p. ;
_c22 cm.
650 0 _aJournalism
_zUnited States.
_93081
650 0 _aPress
_zUnited States.
_93082
650 0 _aNews agencies.
_93083
650 0 _aRadio journalism.
_92847
942 _2ddc
_cBK
999 _c1045
_d1045